00546nam a2200193 a 4500001001300000003000900013005001700022008004100039020002300080082001300103100001800116245007200134260005000206300000900256500003500265505001000300650002400310700001800334nice12345678IN_TiNIC20260116013101.0050524s1990 cama grp 000 0 eng  a0521784 c37500a331bPRA aPrakash, Gyan aBonded Historiesb Genealogies of Labor Servitude in Colonial India aCambridge bCambridge University Press c1990 a250p aincludes index and biblioraphy2 aIndex aBonded Labour-Bihar1 aPrakash, Gyan